Estudios jurâidicos sobre persona y familia / (Record no. 111680)

MARC details
000 -LEADER
campo de control de longitud fija 00929cam a2200325Mi 4500
001 - NÚMERO DE CONTROL
campo de control 85532
005 - FECHA Y HORA DE LA ÚLTIMA TRANSACCIÓN
campo de control 20230411090044.0
008 - DATOS DE LONGITUD FIJA--INFORMACIÓN GENERAL
campo de control de longitud fija 090406s2009 sp 100 0 spa d
035 ## - NÚMERO DE CONTROL DEL SISTEMA
Número de control de sistema (OCoLC)ocn318031666
040 ## - FUENTE DE CATALOGACIÓN
Centro catalogador/agencia de origen C3L
Centro/agencia transcriptor C3L
Centro/agencia modificador PL#
020 ## - NÚMERO INTERNACIONAL ESTÁNDAR DEL LIBRO
Número Internacional Estándar del Libro 9788498365061
020 ## - NÚMERO INTERNACIONAL ESTÁNDAR DEL LIBRO
Número Internacional Estándar del Libro 8498365066
029 0# - OTRO NÚMERO DE CONTROL DE SISTEMA (OCLC)
Identificador de la biblioteca OCLC C3L
Número de control de sistema 60670035
029 1# - OTRO NÚMERO DE CONTROL DE SISTEMA (OCLC)
Identificador de la biblioteca OCLC PL#
Número de control de sistema 090003705
035 ## - NÚMERO DE CONTROL DEL SISTEMA
Número de control de sistema (OCoLC)318031666
045 ## - PERIODO DE TIEMPO DEL CONTENIDO
Código de periodo de tiempo x4x-
082 14 - NÚMERO DE LA CLASIFICACIÓN DECIMAL DEWEY
Número de clasificación 346
Número de edición 21
049 ## - FONDOS LOCALES (OCLC)
Biblioteca depositaria GRAL
245 00 - MENCIÓN DEL TÍTULO
Título Estudios jurâidicos sobre persona y familia /
Mención de responsabilidad, etc. coord. Marâia Teresa Areces Piänol.
260 ## - PUBLICACIÓN, DISTRIBUCIÓN, ETC.
Lugar de publicación, distribución, etc. Granada :
Nombre del editor, distribuidor, etc. Comares,
Fecha de publicación, distribución, etc. 2009.
300 ## - DESCRIPCIÓN FÍSICA
Extensión 384 p. ;
Dimensiones 24 cm.
440 #0 - MENCIÓN DE SERIE/PUNTO DE ACCESO ADICIONAL--TÍTULO
Título Religiâon, derecho y sociedad
500 ## - NOTA GENERAL
Nota general Proceedings.
700 1# - ENTRADA AGREGADA--NOMBRE PERSONAL
Nombre de persona Areces Piänol, Marâia Teresa.
938 ## -
-- Casalini Libri
-- CASA
-- 60670035
-- 30.00 EUR
938 ## -
-- Puvill Libros
-- PUVL
-- 9788498365061
-- $46.44
942 ## - ELEMENTOS DE ENTRADA SECUNDARIOS (KOHA)
Fuente del sistema de clasificación o colocación Clasificación de Library of Congress
Tipo de ítem Koha
994 ## -
-- C0
-- DRFGD
946 ## - PROCESAMIENTO DE INFORMACIÓN LOCAL (OCLC)
a web
Holdings
Estatus retirado Estado de pérdida Fuente del sistema de clasificación o colocación Estado de daño No para préstamo Colección Biblioteca de origen Biblioteca actual Ubicación en estantería Fecha de adquisición Código de barras Visto por última vez Copia número Tipo de ítem Koha
    Clasificación de Library of Congress     Automatización y Procesos Técnicos Biblioteca Juan Bosch Biblioteca Juan Bosch Automatización y Procesos Técnicos (1er. Piso) 11/04/2023 00000077688 17/02/2019 1